Click the Billie Eilish Song Title Ending - Statistics

General Stats
  • This quiz has been taken 94 times
  • The average score is 538 of 625
Answer Stats
Question Tile Select % Correct
ocean addiction No
98%
ocean Cause No
98%
ocean Comet No
98%
ocean crown No
98%
ocean Die No
98%
ocean Fantasy No
98%
ocean favor No
98%
ocean FEATHER No
98%
ocean For ? No
98%
ocean friend No
98%
ocean gay No
98%
ocean guy No
98%
ocean hearts No
98%
ocean Nova No
98%
ocean Number No
98%
ocean Older No
98%
ocean Olvidar No
98%
ocean play No
98%
ocean Power No
98%
ocean Responsibility No
98%
ocean Under No
98%
ocean VIE No
98%
ocean wanted No
98%
bitches broken addiction No
96%
everything i addiction No
96%
bitches broken Cause No
96%
everything i Cause No
96%
bitches broken Comet No
96%
everything i Comet No
96%
bitches broken crown No
96%
everything i crown No
96%
Come out and Die No
96%
bitches broken Die No
96%
everything i Die No
96%
bitches broken Ever No
96%
everything i Ever No
96%
everything i eyes No
96%
bitches broken Fantasy No
96%
everything i Fantasy No
96%
bitches broken favor No
96%
bitches broken FEATHER No
96%
everything i FEATHER No
96%
everything i For ? No
96%
bitches broken friend No
96%
everything i friend No
96%
bitches broken gay No
96%
everything i gay No
96%
bitches broken guy No
96%
everything i guy No
96%
everything i hearts No
96%
bitches broken Nova No
96%
everything i Nova No
96%
bitches broken Number No
96%
everything i Number No
96%
bitches broken Older No
96%
everything i Older No
96%
bitches broken Olvidar No
96%
everything i Olvidar No
96%
bitches broken play No
96%
everything i play No
96%
bitches broken Power No
96%
everything i Power No
96%
bitches broken Responsibility No
96%
everything i Responsibility No
96%
bitches broken Under No
96%
everything i Under No
96%
bitches broken VIE No
96%
everything i VIE No
96%
bitches broken wanted No
96%
Come out and addiction No
95%
BIRDS OF A addiction No
95%
L'AMOUR DE MA addiction No
95%
What Was I Made addiction No
95%
Come out and Cause No
95%
Getting Cause No
95%
BIRDS OF A Cause No
95%
L'AMOUR DE MA Cause No
95%
What Was I Made Cause No
95%
Come out and Comet No
95%
Getting Comet No
95%
BIRDS OF A Comet No
95%
L'AMOUR DE MA Comet No
95%
What Was I Made Comet No
95%
Come out and crown No
95%
Getting crown No
95%
BIRDS OF A crown No
95%
L'AMOUR DE MA crown No
95%
What Was I Made crown No
95%
Getting Die No
95%
BIRDS OF A Die No
95%
L'AMOUR DE MA Die No
95%
What Was I Made Die No
95%
Getting Ever No
95%
BIRDS OF A Ever No
95%
L'AMOUR DE MA Ever No
95%
What Was I Made Ever No
95%
Come out and eyes No
95%
Getting eyes No
95%
BIRDS OF A eyes No
95%
What Was I Made eyes No
95%
Come out and Fantasy No
95%
Getting Fantasy No
95%
BIRDS OF A Fantasy No
95%
L'AMOUR DE MA Fantasy No
95%
What Was I Made Fantasy No
95%
Come out and favor No
95%
Getting favor No
95%
BIRDS OF A favor No
95%
L'AMOUR DE MA favor No
95%
What Was I Made favor No
95%
Come out and FEATHER No
95%
Getting FEATHER No
95%
L'AMOUR DE MA FEATHER No
95%
What Was I Made FEATHER No
95%
Come out and For ? No
95%
bitches broken For ? No
95%
Getting For ? No
95%
BIRDS OF A For ? No
95%
L'AMOUR DE MA For ? No
95%
Come out and friend No
95%
Getting friend No
95%
BIRDS OF A friend No
95%
L'AMOUR DE MA friend No
95%
What Was I Made friend No
95%
Come out and gay No
95%
Getting gay No
95%
BIRDS OF A gay No
95%
L'AMOUR DE MA gay No
95%
What Was I Made gay No
95%
Come out and guy No
95%
Getting guy No
95%
BIRDS OF A guy No
95%
L'AMOUR DE MA guy No
95%
What Was I Made guy No
95%
Come out and hearts No
95%
Getting hearts No
95%
L'AMOUR DE MA hearts No
95%
What Was I Made hearts No
95%
Come out and Nova No
95%
Getting Nova No
95%
BIRDS OF A Nova No
95%
L'AMOUR DE MA Nova No
95%
What Was I Made Nova No
95%
Come out and Number No
95%
Getting Number No
95%
BIRDS OF A Number No
95%
L'AMOUR DE MA Number No
95%
What Was I Made Number No
95%
Come out and Older No
95%
BIRDS OF A Older No
95%
L'AMOUR DE MA Older No
95%
What Was I Made Older No
95%
Come out and Olvidar No
95%
BIRDS OF A Olvidar No
95%
L'AMOUR DE MA Olvidar No
95%
Come out and play Yes
95%
Getting play No
95%
BIRDS OF A play No
95%
L'AMOUR DE MA play No
95%
What Was I Made play No
95%
Come out and Power No
95%
BIRDS OF A Power No
95%
L'AMOUR DE MA Power No
95%
What Was I Made Power No
95%
Come out and Responsibility No
95%
Getting Responsibility No
95%
BIRDS OF A Responsibility No
95%
L'AMOUR DE MA Responsibility No
95%
What Was I Made Responsibility No
95%
Come out and Under No
95%
Getting Under No
95%
BIRDS OF A Under No
95%
L'AMOUR DE MA Under No
95%
Come out and VIE No
95%
Getting VIE No
95%
BIRDS OF A VIE No
95%
What Was I Made VIE No
95%
Getting wanted No
95%
BIRDS OF A wanted No
95%
L'AMOUR DE MA wanted No
95%
What Was I Made wanted No
95%
Getting addiction No
94%
Billie Bossa addiction No
94%
Happier Than addiction No
94%
No Time To addiction No
94%
Six Feet addiction No
94%
wish you were addiction No
94%
bury a addiction No
94%
Billie Bossa Cause No
94%
Happier Than Cause No
94%
No Time To Cause No
94%
Six Feet Cause No
94%
wish you were Cause No
94%
bury a Cause No
94%
Billie Bossa Comet No
94%
Happier Than Comet No
94%
No Time To Comet No
94%
Six Feet Comet No
94%
wish you were Comet No
94%
bury a Comet No
94%
Billie Bossa crown No
94%
Happier Than crown No
94%
No Time To crown No
94%
Six Feet crown No
94%
wish you were crown No
94%
bury a crown No
94%
Billie Bossa Die No
94%
Happier Than Die No
94%
Six Feet Die No
94%
wish you were Die No
94%
bury a Die No
94%
Come out and Ever No
94%
Billie Bossa Ever No
94%
No Time To Ever No
94%
Six Feet Ever No
94%
wish you were Ever No
94%
bury a Ever No
94%
Billie Bossa eyes No
94%
Happier Than eyes No
94%
No Time To eyes No
94%
Six Feet eyes No
94%
wish you were eyes No
94%
bury a eyes No
94%
Happier Than Fantasy No
94%
No Time To Fantasy No
94%
Six Feet Fantasy No
94%
wish you were Fantasy No
94%
bury a Fantasy No
94%
Billie Bossa favor No
94%
Happier Than favor No
94%
No Time To favor No
94%
Six Feet favor No
94%
wish you were favor No
94%
bury a favor No
94%
Billie Bossa FEATHER No
94%
Happier Than FEATHER No
94%
No Time To FEATHER No
94%
wish you were FEATHER No
94%
bury a FEATHER No
94%
Billie Bossa For ? No
94%
Happier Than For ? No
94%
No Time To For ? No
94%
Six Feet For ? No
94%
wish you were For ? No
94%
bury a For ? No
94%
Billie Bossa friend No
94%
No Time To friend No
94%
Six Feet friend No
94%
wish you were friend No
94%
Billie Bossa gay No
94%
Happier Than gay No
94%
No Time To gay No
94%
Six Feet gay No
94%
bury a gay No
94%
Billie Bossa guy No
94%
Happier Than guy No
94%
No Time To guy No
94%
Six Feet guy No
94%
wish you were guy No
94%
bury a guy No
94%
Billie Bossa hearts No
94%
Happier Than hearts No
94%
No Time To hearts No
94%
Six Feet hearts No
94%
bury a hearts No
94%
Happier Than Nova No
94%
No Time To Nova No
94%
Six Feet Nova No
94%
wish you were Nova No
94%
bury a Nova No
94%
Billie Bossa Number No
94%
Happier Than Number No
94%
Six Feet Number No
94%
wish you were Number No
94%
bury a Number No
94%
Billie Bossa Older No
94%
Happier Than Older No
94%
No Time To Older No
94%
Six Feet Older No
94%
Happier Than Olvidar No
94%
No Time To Olvidar No
94%
Six Feet Olvidar No
94%
What Was I Made Olvidar No
94%
wish you were Olvidar No
94%
bury a Olvidar No
94%
Billie Bossa play No
94%
Happier Than play No
94%
No Time To play No
94%
Six Feet play No
94%
wish you were play No
94%
bury a play No
94%
Billie Bossa Power No
94%
Happier Than Power No
94%
No Time To Power No
94%
Six Feet Power No
94%
wish you were Power No
94%
bury a Power No
94%
Happier Than Responsibility No
94%
No Time To Responsibility No
94%
Six Feet Responsibility No
94%
wish you were Responsibility No
94%
bury a Responsibility No
94%
Billie Bossa Under No
94%
Happier Than Under No
94%
No Time To Under No
94%
wish you were Under No
94%
bury a Under No
94%
Billie Bossa VIE No
94%
Happier Than VIE No
94%
No Time To VIE No
94%
Six Feet VIE No
94%
wish you were VIE No
94%
bury a VIE No
94%
Come out and wanted No
94%
Billie Bossa wanted No
94%
Happier Than wanted No
94%
No Time To wanted No
94%
Six Feet wanted No
94%
wish you were wanted No
94%
bury a wanted No
94%
Lost addiction No
93%
Halley's addiction No
93%
Male addiction No
93%
bad addiction No
93%
I Didn't Change My Cause No
93%
Halley's Cause No
93%
Your Cause No
93%
bad Cause No
93%
I Didn't Change My Comet No
93%
Lost Comet No
93%
Your Comet No
93%
Male Comet No
93%
bad Comet No
93%
Lost crown No
93%
Halley's crown No
93%
Your crown No
93%
Male crown No
93%
bad crown No
93%
I Didn't Change My Die No
93%
Lost Die No
93%
Halley's Die No
93%
Male Die No
93%
bad Die No
93%
I Didn't Change My Ever No
93%
Lost Ever No
93%
Halley's Ever No
93%
Your Ever No
93%
Male Ever No
93%
bad Ever No
93%
I Didn't Change My eyes No
93%
Lost eyes No
93%
Halley's eyes No
93%
Your eyes No
93%
Male eyes No
93%
bad eyes No
93%
Billie Bossa Fantasy No
93%
Lost Fantasy No
93%
Halley's Fantasy No
93%
bad Fantasy No
93%
I Didn't Change My favor No
93%
Halley's favor No
93%
Male favor No
93%
bad favor No
93%
I Didn't Change My FEATHER No
93%
Lost FEATHER No
93%
Halley's FEATHER No
93%
Your FEATHER No
93%
Male FEATHER No
93%
bad FEATHER No
93%
I Didn't Change My For ? No
93%
Lost For ? No
93%
Halley's For ? No
93%
Your For ? No
93%
Male For ? No
93%
bad For ? No
93%
I Didn't Change My friend No
93%
Lost friend No
93%
Halley's friend No
93%
Your friend No
93%
Male friend No
93%
bad friend No
93%
I Didn't Change My gay No
93%
Lost gay No
93%
Halley's gay No
93%
Your gay No
93%
Male gay No
93%
I Didn't Change My guy No
93%
Halley's guy No
93%
Your guy No
93%
Male guy No
93%
I Didn't Change My hearts No
93%
Lost hearts No
93%
Halley's hearts No
93%
Male hearts No
93%
bad hearts No
93%
I Didn't Change My Nova No
93%
Lost Nova No
93%
Halley's Nova No
93%
Your Nova No
93%
Male Nova No
93%
bad Nova No
93%
Lost Number No
93%
Your Number No
93%
Male Number No
93%
bad Number No
93%
Lost Older No
93%
Halley's Older No
93%
Your Older No
93%
Male Older No
93%
bad Older No
93%
wish you were Older No
93%
I Didn't Change My Olvidar No
93%
Billie Bossa Olvidar No
93%
Lost Olvidar No
93%
Halley's Olvidar No
93%
Your Olvidar No
93%
Male Olvidar No
93%
bad Olvidar No
93%
I Didn't Change My play No
93%
Lost play No
93%
Halley's play No
93%
Your play No
93%
Male play No
93%
bad play No
93%
Getting Power No
93%
I Didn't Change My Power No
93%
bad Power No
93%
I Didn't Change My Responsibility No
93%
Lost Responsibility No
93%
Halley's Responsibility No
93%
bad Responsibility No
93%
I Didn't Change My Under No
93%
Halley's Under No
93%
Your Under No
93%
Male Under No
93%
bad Under No
93%
I Didn't Change My VIE No
93%
Lost VIE No
93%
Halley's VIE No
93%
Your VIE No
93%
Male VIE No
93%
bad VIE No
93%
I Didn't Change My wanted No
93%
Lost wanted No
93%
Your wanted No
93%
I Didn't Change My addiction No
91%
Not My addiction No
91%
Your addiction No
91%
Lo Vas A addiction No
91%
you should see me in a addiction No
91%
Not My Cause No
91%
Lo Vas A Cause No
91%
you should see me in a Cause No
91%
Not My Comet No
91%
Lo Vas A Comet No
91%
you should see me in a Comet No
91%
Not My crown No
91%
Lo Vas A crown No
91%
Not My Die No
91%
you should see me in a Die No
91%
Not My Ever No
91%
Lo Vas A Ever No
91%
you should see me in a Ever No
91%
Not My eyes No
91%
you should see me in a eyes No
91%
Lo Vas A Fantasy No
91%
you should see me in a Fantasy No
91%
Lost favor No
91%
Not My favor No
91%
Your favor No
91%
Lo Vas A favor No
91%
you should see me in a favor No
91%
Not My FEATHER No
91%
Lo Vas A FEATHER No
91%
you should see me in a FEATHER No
91%
Not My For ? No
91%
Not My friend No
91%
Lo Vas A friend No
91%
you should see me in a friend No
91%
Not My gay No
91%
Lo Vas A gay No
91%
bad gay No
91%
you should see me in a gay No
91%
Lost guy No
91%
Not My guy No
91%
Lo Vas A guy No
91%
you should see me in a guy No
91%
Not My hearts No
91%
Your hearts No
91%
Lo Vas A hearts No
91%
you should see me in a hearts No
91%
Not My Nova No
91%
you should see me in a Nova No
91%
Halley's Number No
91%
Not My Number No
91%
Lo Vas A Number No
91%
you should see me in a Number No
91%
I Didn't Change My Older No
91%
Not My Older No
91%
Lo Vas A Older No
91%
you should see me in a Older No
91%
you should see me in a Olvidar No
91%
Not My play No
91%
Lo Vas A play No
91%
you should see me in a play No
91%
Lost Power No
91%
Halley's Power No
91%
Not My Power No
91%
Lo Vas A Power No
91%
you should see me in a Power No
91%
Your Responsibility No
91%
Lo Vas A Responsibility No
91%
you should see me in a Responsibility No
91%
Not My Under No
91%
Lo Vas A Under No
91%
you should see me in a Under No
91%
Not My VIE No
91%
Lo Vas A VIE No
91%
you should see me in a VIE No
91%
Not My wanted No
91%
Male wanted No
91%
Lo Vas A wanted No
91%
you should see me in a wanted No
91%
Male Cause No
90%
Lo Vas A Die No
90%
I Didn't Change My Fantasy No
90%
Lo Vas A Nova No
90%
Male Power No
90%
Not My Fantasy No
89%
Your Fantasy No
89%
Lo Vas A For ? No
89%
party addiction No
88%
party Cause No
88%
party Comet No
88%
party crown No
88%
party Die No
88%
party Ever No
88%
party FEATHER No
88%
party For ? No
88%
party friend No
88%
party gay No
88%
party guy No
88%
party hearts No
88%
party Nova No
88%
party Number No
88%
party Older No
88%
party Olvidar No
88%
party Responsibility No
88%
party Under No
88%
party VIE No
88%
party wanted No
88%
my strange Cause No
86%
my strange Comet No
86%
my strange crown No
86%
my strange Die No
86%
my strange Ever No
86%
party eyes No
86%
my strange eyes No
86%
party Fantasy No
86%
my strange Fantasy No
86%
my strange favor No
86%
my strange FEATHER No
86%
my strange For ? No
86%
my strange friend No
86%
my strange gay No
86%
my strange guy No
86%
my strange hearts No
86%
my strange Nova No
86%
my strange Number No
86%
my strange Older No
86%
party play No
86%
my strange play No
86%
my strange Power No
86%
my strange Responsibility No
86%
my strange Under No
86%
my strange VIE No
86%
my strange wanted No
86%
Your Power No
9%
Male Fantasy No
6%
Lost Cause No
4%
party favor No
4%
I Didn't Change My Number No
4%
Getting Older No
4%
Lo Vas A Olvidar No
4%
Halley's Comet No
2%
Billie Bossa Nova No
2%
Not My Responsibility No
2%
wish you were gay No
1%
bitches broken hearts No
1%
Getting Olvidar Yes
1%
my strange addiction No
0%
I Didn't Change My crown Yes
0%
you should see me in a crown No
0%
Your Die Yes
0%
No Time To Die No
0%
ocean Ever Yes
0%
Happier Than Ever No
0%
bitches broken eyes Yes
0%
ocean eyes No
0%
Lo Vas A eyes Yes
0%
L'AMOUR DE MA eyes Yes
0%
everything i favor Yes
0%
BIRDS OF A FEATHER No
0%
Six Feet FEATHER Yes
0%
What Was I Made For ? No
0%
you should see me in a For ? Yes
0%
Happier Than friend Yes
0%
bury a friend No
0%
bad guy No
0%
BIRDS OF A hearts Yes
0%
wish you were hearts Yes
0%
No Time To Number Yes
0%
bury a Older Yes
0%
Not My Olvidar Yes
0%
my strange Olvidar Yes
0%
party Power Yes
0%
Billie Bossa Responsibility Yes
0%
Male Responsibility Yes
0%
Lost Under Yes
0%
Six Feet Under No
0%
What Was I Made Under Yes
0%
L'AMOUR DE MA VIE No
0%
everything i wanted No
0%
Halley's wanted Yes
0%
bad wanted Yes
0%
No matching quizzes found
Score Distribution
Percent of People with Each Score
Percentile by Number Answered
Your Score History
You have not taken this quiz